Tout les buteurs du Paris Saint Germain (psg) de la saison 2022/2023 - Statistiques

Statistiques générales
  • Ce quiz a été pris 569 fois
  • Le résultat moyen est 12 sur 15
Statistiques - réponses
Joueurs Buts TCC % Correct
Mbappe 43
100%
Messi 23
99%
Neymar 20
99%
Hakimi 5
90%
Marquinhos 2
88%
Mendes 2
86%
Soler 6
78%
Vitinha 2
78%
Ramos 5
77%
Ruiz 3
74%
Ekitike 4
73%
Pereira 2
65%
Zaïre-Emery 2
62%
Bernat 2
53%
Sanches 2
40%
Aucun quiz correspondant
Distribution des résultats
% des personnes avec chaque résultat
Percentile par nombre de réponses
Votre historique - résultats
Vous n’avez pas pris ce quiz